[Event "Titled Tue 10th Jun Early"]
[Site "chess.com INT"]
[Date "2025.06.10"]
[Round "5"]
[White "Khazan, Yevgeny"]
[Black "Castillo Pena, Patricia Evarista"]
[Result "1-0"]
[WhiteTitle "CM"]
[BlackTitle "WFM"]
[WhiteElo "2135"]
[BlackElo "1909"]
[WhiteFideId "2806193"]
[BlackFideId "6412106"]
[EventDate "2025.06.10"]

1. d4 d5 2. c4 c6 3. Nf3 Nf6 4. e3 e6 5. Nbd2 Nbd7 6. Bd3 Bd6 7. O-O O-O 8. e4
dxe4 9. Nxe4 Nxe4 10. Bxe4 Nf6 11. Bc2 Qc7 12. Bg5 Be7 13. Qd3 g6 14. c5 b6 15.
b4 a5 16. a3 Ba6 17. Qe3 Bxf1 18. Rxf1 axb4 19. axb4 bxc5 20. bxc5 Nd5 21. Qe4
Bxg5 22. Nxg5 Qf4 23. Qxf4 Nxf4 24. Be4 Rfc8 25. Nf3 Ra4 26. Rd1 f5 27. Bc2 Rc4
28. Bb3 Rc3 29. Rb1 Rd8 30. Kf1 Kg7 31. Ne5 Rxd4 32. g3 Nd5 33. Bxd5 cxd5 34.
Rb7+ Kf6 35. f4 Rc1+ 36. Kg2 Rc2+ 37. Kh3 Rxf4 38. gxf4 Rc3+ 39. Kg2 Rc2+ 40.
Kf3 1-0

[Event "Titled Tue 10th Jun Early"]
[Site "chess.com INT"]
[Date "2025.06.10"]
[Round "5"]
[White "Deac, Bogdan-Daniel"]
[Black "Carlsen, Magnus"]
[Result "0-1"]
[WhiteTitle "GM"]
[BlackTitle "GM"]
[WhiteElo "2674"]
[BlackElo "2837"]
[WhiteFideId "1226380"]
[BlackFideId "1503014"]
[EventDate "2025.06.10"]

1. d4 d5 2. c4 e6 3. Nf3 Nf6 4. g3 Bb4+ 5. Bd2 a5 6. Bg2 O-O 7. Qc2 Bd6 8. Nc3
dxc4 9. Bg5 Nbd7 10. Rd1 h6 11. Bxf6 Nxf6 12. Nd2 c6 13. Nxc4 Bc7 14. O-O Qe7
15. Ne5 Rd8 16. e3 Nd5 17. Ne4 Nb4 18. Qb1 f6 19. Nc4 b6 20. a3 Nd5 21. Rc1 Ba6
22. Rfd1 Rac8 23. Ncd2 Bb8 24. Nf3 c5 25. dxc5 bxc5 26. Qc2 f5 27. Nc3 Nf6 28.
Qa4 Qc7 29. Rxd8+ Rxd8 30. Rd1 Rxd1+ 31. Qxd1 Kf7 32. Qa4 Ke7 33. Bf1 Bb7 34.
Bg2 Qb6 35. Qc2 g5 36. Na4 Qd6 37. Qxc5 Qxc5 38. Nxc5 Bc8 39. Nd4 Kd6 0-1

[Event "Titled Tue 10th Jun Early"]
[Site "chess.com INT"]
[Date "2025.06.10"]
[Round "5"]
[White "Ter-Sahakyan, Samvel"]
[Black "Lissang, Christopher"]
[Result "1-0"]
[WhiteTitle "GM"]
[BlackTitle "FM"]
[WhiteElo "2611"]
[BlackElo "2317"]
[WhiteFideId "13302531"]
[BlackFideId "1709615"]
[EventDate "2025.06.10"]

1. d4 f5 2. Bg5 Nf6 3. Bxf6 exf6 4. c4 g6 5. Nc3 Bg7 6. h4 h5 7. e3 d6 8. Nh3
Be6 9. Nf4 Bf7 10. Bd3 O-O 11. Qc2 Nc6 12. Ncd5 Re8 13. O-O-O Ne7 14. Kb1 c6 15.
Nxe7+ Qxe7 16. g4 hxg4 17. h5 g5 18. Ng6 Bxg6 19. hxg6 f4 20. Bf5 g3 21. exf4
gxf4 22. fxg3 fxg3 23. d5 Qe5 24. a3 c5 25. Be6+ Kf8 26. Rde1 Qd4 27. Rhf1 b5
28. Re4 g2 29. Qxg2 Qd3+ 30. Ka2 bxc4 31. Rxf6+ Bxf6 32. g7+ Ke7 33. Bf5+ Be5
34. Rxe5+ 1-0

[Event "Titled Tue 10th Jun Early"]
[Site "chess.com INT"]
[Date "2025.06.10"]
[Round "5"]
[White "Levitan, Judah Nathan"]
[Black "Miserendino, Alfredo"]
[Result "1-0"]
[WhiteTitle "CM"]
[WhiteElo "2266"]
[BlackElo "2032"]
[WhiteFideId "14332639"]
[BlackFideId "101800"]
[EventDate "2025.06.10"]

1. e4 c5 2. Nf3 e6 3. d4 cxd4 4. Nxd4 Bc5 5. Nb3 Bb6 6. Nc3 Ne7 7. Bd3 O-O 8.
O-O f5 9. exf5 Nxf5 10. Bf4 d5 11. Bxf5 Rxf5 12. Bg3 Nc6 13. Re1 Qf6 14. Qd2 Bd7
15. Na4 Ne5 16. Nxb6 axb6 17. Nd4 Nc4 18. Qc3 Rh5 19. b3 Ne5 20. Qc7 Ng6 21.
Qxd7 Qxd4 22. Qxe6+ Kh8 23. Qe8+ Nf8 24. Qxa8 Rf5 25. Rad1 1-0

[Event "Titled Tue 10th Jun Early"]
[Site "chess.com INT"]
[Date "2025.06.10"]
[Round "5"]
[White "Souleidis, Georgios"]
[Black "Urazayev, Arystanbek"]
[Result "0-1"]
[WhiteTitle "IM"]
[BlackTitle "IM"]
[WhiteElo "2418"]
[BlackElo "2490"]
[WhiteFideId "4206827"]
[BlackFideId "13709810"]
[EventDate "2025.06.10"]

1. e4 c5 2. Be2 e6 3. f4 Nc6 4. Nf3 d5 5. d3 Nf6 6. e5 Nd7 7. c3 Be7 8. d4 O-O
9. O-O Rb8 10. Be3 b5 11. a3 a5 12. Bd3 f5 13. exf6 Rxf6 14. dxc5 Bxc5 15. Bxc5
Nxc5 16. Nd4 Nxd4 17. cxd4 Nxd3 18. Qxd3 b4 19. Nd2 Qb6 20. Qe3 Ba6 21. Rfe1 Qd6
22. g3 bxa3 23. bxa3 a4 24. Rab1 Rff8 25. Nf3 h6 26. Ne5 Rxb1 27. Rxb1 Rb8 28.
Rxb8+ Qxb8 29. h4 Qb1+ 30. Kg2 Bf1+ 31. Kf2 Bh3 32. Qd3 Qb2+ 33. Ke3 Bf5 34. Qa6
Qxa3+ 35. Kf2 Qb2+ 36. Ke3 Qc3+ 37. Ke2 Qxg3 38. Qc8+ Kh7 39. Nf7 Bg4+ 40. Kf1
Qxf4+ 0-1

[Event "Titled Tue 10th Jun Early"]
[Site "chess.com INT"]
[Date "2025.06.10"]
[Round "5"]
[White "Guliev, Gasan"]
[Black "Sahetchian, Armand"]
[Result "1-0"]
[WhiteTitle "CM"]
[BlackTitle "CM"]
[WhiteElo "2123"]
[BlackElo "2024"]
[WhiteFideId "34165638"]
[BlackFideId "607150"]
[EventDate "2025.06.10"]

1. d4 e6 2. Bf4 Nf6 3. Nf3 d5 4. e3 Bd6 5. Bg3 O-O 6. Nbd2 c5 7. c3 Nc6 8. Bd3
Re8 9. Ne5 Qc7 10. f4 b6 11. O-O Bb7 12. Qf3 Nd7 13. Bxh7+ Kf8 14. Bd3 cxd4 15.
exd4 Nf6 16. Bh4 Be7 17. g4 Na5 18. g5 Ne4 19. Qh5 Bd6 20. Nxe4 dxe4 21. Qh8+
Ke7 22. g6+ f6 23. Qxg7+ Kd8 24. Bxf6+ Kc8 25. Qxc7+ Kxc7 26. Bb5 Rg8 27. g7 Bf8
28. Kf2 Bxg7 29. Bxg7 Rxg7 30. Rg1 Rag8 31. Rxg7+ Rxg7 32. Rg1 e3+ 33. Kf1 Rh7
34. Ng4 Bf3 35. Be2 Bxg4 36. Bxg4 Rxh2 37. Rg2 Rh1+ 38. Ke2 Rb1 39. Kxe3 Nc4+
40. Ke4 Rxb2 41. Rxb2 Nxb2 42. Bxe6 Kd6 43. Bb3 Nd1 44. Bxd1 1-0

[Event "Titled Tue 10th Jun Early"]
[Site "chess.com INT"]
[Date "2025.06.10"]
[Round "5"]
[White "Kuzmin, Roman"]
[Black "Marynychenko, Yehor"]
[Result "1-0"]
[WhiteTitle "FM"]
[BlackTitle "CM"]
[WhiteElo "2203"]
[BlackElo "2183"]
[WhiteFideId "44134932"]
[BlackFideId "34160558"]
[EventDate "2025.06.10"]

1. e4 c5 2. Nf3 Nc6 3. d4 cxd4 4. Nxd4 Nf6 5. Nc3 e6 6. Ndb5 Bb4 7. a3 Bxc3+ 8.
Nxc3 d5 9. exd5 exd5 10. Bd3 O-O 11. O-O d4 12. Ne2 Bg4 13. h3 Bxe2 14. Bxe2 Re8
15. Bf4 Nd5 16. Bg3 Qb6 17. Rb1 Rad8 18. Bd3 g6 19. Re1 Qc5 20. Qg4 f5 21. Bxf5
Nf6 22. Be6+ Kg7 23. Qd1 d3 24. cxd3 Nd4 25. Ba2 Rxe1+ 26. Qxe1 Re8 27. Qb4 Ne2+
28. Kh2 Qc6 29. Re1 Nxg3 30. Re7+ Kh6 31. fxg3 Rxe7 32. Qxe7 Qb6 33. Be6 Qxb2
34. Qf8+ Kg5 35. h4+ Kh5 36. Kh3 Qd4 37. g4+ Nxg4 38. Qf3 Kh6 39. Bxg4 Kg7 40.
Qxb7+ Kh6 41. Qe4 Qc4 42. dxc4 1-0

[Event "Titled Tue 10th Jun Early"]
[Site "chess.com INT"]
[Date "2025.06.10"]
[Round "5"]
[White "Lazaro Azcutia, Miguel"]
[Black "Purtseladze, Maka"]
[Result "1-0"]
[WhiteTitle "CM"]
[BlackTitle "IM"]
[WhiteElo "2275"]
[BlackElo "2261"]
[WhiteFideId "54538254"]
[BlackFideId "13602659"]
[EventDate "2025.06.10"]

1. e4 c6 2. d4 d5 3. e5 Bf5 4. h4 h5 5. Bd3 Bxd3 6. Qxd3 Qa5+ 7. Nd2 e6 8. Nf3
c5 9. c4 dxc4 10. Qxc4 Nc6 11. O-O Rd8 12. Nb3 Qb4 13. Qxb4 cxb4 14. Bg5 Be7 15.
Rfd1 Bxg5 16. hxg5 Nge7 17. Nc5 b6 18. Nb7 Nf5 19. Nxd8 Nxd8 20. d5 exd5 21.
Rxd5 Ne6 22. Rad1 O-O 23. Rd7 a5 24. Rb7 Rc8 25. Rxb6 Rc2 26. Rd2 Rc1+ 27. Kh2
Rc5 28. g6 1-0

[Event "Titled Tue 10th Jun Early"]
[Site "chess.com INT"]
[Date "2025.06.10"]
[Round "5"]
[White "Tikhonov, Viacheslav"]
[Black "Williams, Simon K"]
[Result "0-1"]
[WhiteTitle "CM"]
[BlackTitle "GM"]
[WhiteElo "2183"]
[BlackElo "2444"]
[WhiteFideId "44196407"]
[BlackFideId "404454"]
[EventDate "2025.06.10"]

1. e4 d6 2. d4 Nf6 3. Nc3 Nbd7 4. Be3 e5 5. h3 Be7 6. Nge2 b5 7. a3 a5 8. g4 Rb8
9. Ng3 b4 10. axb4 axb4 11. Nce2 O-O 12. Bg2 Nb6 13. b3 Re8 14. O-O Bf8 15. Qd2
exd4 16. Bxd4 Bb7 17. Qd3 Nbd7 18. f3 Ne5 19. Qd2 Ng6 20. Nf5 c5 21. Bf2 d5 22.
exd5 Qxd5 23. Rfd1 Rbd8 24. Qxd5 Nxd5 25. Ra7 Bc6 26. Rd2 Ngf4 27. Nxf4 Nxf4 28.
Rxd8 Rxd8 29. Ne7+ Bxe7 30. Rxe7 h5 31. Bxc5 Rd1+ 32. Bf1 Bb5 33. Kf2 Rxf1+ 34.
Kg3 Ng6 35. Rb7 h4+ 36. Kg2 Nf4+ 37. Kh2 Be2 38. Rb8+ Kh7 39. Rxb4 Bxf3 40. Bg1
Ne2 0-1

[Event "Titled Tue 10th Jun Early"]
[Site "chess.com INT"]
[Date "2025.06.10"]
[Round "5"]
[White "Zaw, Ye Htut"]
[Black "Hossain, Enamul"]
[Result "0-1"]
[WhiteTitle "CM"]
[BlackTitle "GM"]
[WhiteElo "2180"]
[BlackElo "2347"]
[WhiteFideId "13013955"]
[BlackFideId "10200649"]
[EventDate "2025.06.10"]

1. e4 e6 2. d4 d5 3. Nd2 Be7 4. Ngf3 Nf6 5. exd5 exd5 6. Bd3 O-O 7. O-O c5 8.
dxc5 Bxc5 9. Nb3 Bb6 10. h3 Nc6 11. c3 Ne4 12. Nfd4 Re8 13. f3 Nd6 14. Kh1 Qh4
15. Kh2 Bc7 16. f4 Ne4 17. Qe1 Qh5 18. Be2 Qg6 19. Qh4 Bd7 20. Bh5 Qh6 21. Nf3
Nf6 22. g4 Bxf4+ 23. Kh1 Nxh5 24. gxh5 Bxc1 25. Raxc1 Re2 26. Rg1 Rae8 27. Rg3
Bf5 28. Rcg1 Be4 29. Rxg7+ Kh8 30. R7g3 Re3 0-1

[Event "Titled Tue 10th Jun Early"]
[Site "chess.com INT"]
[Date "2025.06.10"]
[Round "5"]
[White "Movahed, Sina"]
[Black "Shandrygin, Nikita"]
[Result "1-0"]
[WhiteTitle "GM"]
[BlackTitle "FM"]
[WhiteElo "2544"]
[BlackElo "2209"]
[WhiteFideId "42520835"]
[BlackFideId "24198668"]
[EventDate "2025.06.10"]

1. e4 c5 2. Nf3 e6 3. Nc3 Nc6 4. Bb5 Nge7 5. O-O a6 6. Be2 d5 7. exd5 Nxd5 8.
Nxd5 Qxd5 9. b3 Be7 10. Bb2 O-O 11. Re1 Qd6 12. d4 Bf6 13. c3 cxd4 14. cxd4 Rd8
15. Bd3 g6 16. Re4 Bd7 17. Qd2 Nb4 18. Ba3 a5 19. Rf4 Bg7 20. Ng5 Rf8 21. Re1
Bc6 22. Bb1 e5 23. Rh4 h6 24. Nh3 exd4 25. Rxh6 Bxh6 26. Qxh6 Rfe8 27. Rf1 Qd5
28. f3 Qh5 29. Qf4 Bb5 30. Rd1 d3 31. Bb2 Qc5+ 32. Bd4 Qh5 33. Ng5 f5 34. Qc7
Qh6 35. Qf7# 1-0

[Event "Titled Tue 10th Jun Early"]
[Site "chess.com INT"]
[Date "2025.06.10"]
[Round "5"]
[White "Sihite, Chelsie Monica Ignesias"]
[Black "Toroptseva, Yevheniia"]
[Result "1-0"]
[WhiteTitle "WIM"]
[BlackTitle "WFM"]
[WhiteElo "2223"]
[BlackElo "2104"]
[WhiteFideId "7101198"]
[BlackFideId "34109374"]
[EventDate "2025.06.10"]

1. c4 Nf6 2. Nf3 e6 3. g3 d5 4. cxd5 exd5 5. Bg2 Be7 6. O-O O-O 7. d4 c5 8. Nc3
Nc6 9. h3 Be6 10. Bf4 Rc8 11. Rc1 cxd4 12. Nxd4 Nxd4 13. Qxd4 Bc5 14. Qa4 d4 15.
Ne4 Nxe4 16. Bxe4 Bxh3 17. Rfd1 Qe7 18. Bf3 Rfd8 19. Qb5 Bb6 20. Bg5 f6 21. Bd2
Be6 22. Bb4 Qf7 23. b3 h6 24. Ba5 Bxa5 25. Qxa5 b6 26. Qa6 Qd7 27. Rxc8 Rxc8 28.
e3 Rc2 29. Rxd4 Rc1+ 30. Kh2 Qf7 31. Qd3 Rc8 32. Rd6 Re8 33. Bc6 Rf8 34. Rxe6
Qxe6 35. Bd5 Qxd5 36. Qxd5+ 1-0

[Event "Titled Tue 10th Jun Early"]
[Site "chess.com INT"]
[Date "2025.06.10"]
[Round "5"]
[White "Aradhya, Garg"]
[Black "Gonzalez Menendez, Ivan"]
[Result "1-0"]
[WhiteTitle "IM"]
[BlackTitle "FM"]
[WhiteElo "2370"]
[BlackElo "2382"]
[WhiteFideId "25006746"]
[BlackFideId "2226316"]
[EventDate "2025.06.10"]

1. d4 d5 2. c4 e6 3. Nc3 c6 4. e3 Nf6 5. Nf3 Nbd7 6. Qc2 Bd6 7. Bd3 O-O 8. O-O
Qe7 9. c5 Bc7 10. e4 e5 11. exd5 cxd5 12. Re1 e4 13. Nxd5 Nxd5 14. Bxe4 N7f6 15.
Bxd5 Qd8 16. Bb3 Bg4 17. Ne5 Qxd4 18. Nxf7 Rxf7 19. Re7 Nd5 20. Be3 Qf6 21. Rxf7
Qxf7 22. c6 Rd8 23. cxb7 Be6 24. Bxa7 Bb8 25. Bxb8 Rxb8 26. Rd1 Qxb7 27. Qe4 Qf7
28. Rxd5 Bxd5 29. Bxd5 1-0

[Event "Titled Tue 10th Jun Early"]
[Site "chess.com INT"]
[Date "2025.06.10"]
[Round "5"]
[White "Andriienko, Artom"]
[Black "Novosel, Lovro"]
[Result "0-1"]
[BlackTitle "FM"]
[WhiteElo "2151"]
[BlackElo "2338"]
[WhiteFideId "34129510"]
[BlackFideId "14547120"]
[EventDate "2025.06.10"]

1. e4 c6 2. Nf3 d5 3. Nc3 g6 4. d4 Bg7 5. g3 Bg4 6. e5 e6 7. h3 Bxf3 8. Qxf3 h5
9. Ne2 c5 10. c3 Nc6 11. Bg2 Nge7 12. g4 hxg4 13. hxg4 Rxh1+ 14. Bxh1 Qb6 15.
Qd3 cxd4 16. cxd4 Rc8 17. Bd2 Nb4 18. Bxb4 Qxb4+ 19. Qd2 Qa4 20. b3 Qa3 21. Rc1
Rxc1+ 22. Nxc1 Nc6 23. Ne2 Bf8 24. Kf1 Bb4 25. Qc2 Ba5 26. f4 Bb6 27. f5 gxf5
28. gxf5 Qe7 29. f6 Qb4 30. Bf3 Bxd4 31. Nxd4 Qxd4 32. Qh2 Nxe5 33. Qh8+ Kd7 34.
Qa8 Qa1+ 35. Kg2 Qxa2+ 36. Kh3 Qxb3 37. Qf8 Qxf3+ 0-1

[Event "Titled Tue 10th Jun Early"]
[Site "chess.com INT"]
[Date "2025.06.10"]
[Round "5"]
[White "Toktomushev, Teimur"]
[Black "Kotyk, Michael"]
[Result "0-1"]
[WhiteTitle "FM"]
[BlackTitle "CM"]
[WhiteElo "2390"]
[BlackElo "2241"]
[WhiteFideId "14176726"]
[BlackFideId "16214501"]
[EventDate "2025.06.10"]

1. d4 f5 2. g3 Nf6 3. Bg2 g6 4. Nf3 Bg7 5. O-O O-O 6. c4 d6 7. Nc3 Nc6 8. Re1 e5
9. d5 Ne7 10. e4 f4 11. gxf4 exf4 12. e5 dxe5 13. Nxe5 Nh5 14. Bf3 Qd6 15. c5
Qxc5 16. Bxh5 gxh5 17. Qxh5 Ng6 18. Nxg6 hxg6 19. Qxg6 Bf5 20. Qg2 f3 21. Qg3
Rf6 22. Bg5 Rg6 23. h4 Bh6 24. Ne4 Bxe4 25. Rxe4 Qxd5 26. Rg4 Bxg5 27. Rxg5 Rxg5
28. hxg5 Re8 29. Rc1 Re5 30. Kh2 Rxg5 31. Qf4 Rg2+ 32. Kh3 Qh5+ 33. Qh4 Rh2+ 34.
Kxh2 Qxh4+ 35. Kg1 0-1

[Event "Titled Tue 10th Jun Early"]
[Site "chess.com INT"]
[Date "2025.06.10"]
[Round "5"]
[White "Terlouw, Wouter"]
[Black "Sanhueza, Cristian"]
[Result "1-0"]
[WhiteTitle "CM"]
[BlackTitle "FM"]
[WhiteElo "2196"]
[BlackElo "2213"]
[WhiteFideId "1087401"]
[BlackFideId "116815"]
[EventDate "2025.06.10"]

1. Nc3 Nf6 2. Nf3 d5 3. e4 dxe4 4. Ng5 Bf5 5. Bc4 e6 6. Qe2 Nc6 7. Ngxe4 Nd4 8.
Qd3 Be7 9. b3 O-O 10. Bb2 Nxe4 11. Nxe4 b5 12. Qxd4 Qxd4 13. Bxd4 bxc4 14. Ng3
Bxc2 15. bxc4 Rfd8 16. Bc3 Bd3 17. Ne2 Bxc4 18. Nd4 c5 19. Nc6 Rd7 20. Ne5 Bb5
21. Nxd7 Bxd7 22. O-O Bb5 23. Rfb1 Bd3 24. Rb7 Bg5 25. Rc7 c4 26. g3 h5 27. f4
Bh6 28. Kf2 g6 29. a4 Bf8 30. Ra2 Bd6 31. Rd7 Bc5+ 32. Bd4 Bb4 33. Be3 a5 34.
Rc7 Rd8 35. Bc5 Rd5 36. Bxb4 axb4 37. Rb7 b3 38. Ra1 Ra5 39. Ke3 Kg7 40. Kd4 Ra7
41. Rxa7 b2 42. Re1 Kf6 43. Rb7 1-0

[Event "Titled Tue 10th Jun Early"]
[Site "chess.com INT"]
[Date "2025.06.10"]
[Round "5"]
[White "Smieszek, Wojciech"]
[Black "Shukhman, Anna"]
[Result "1-0"]
[WhiteTitle "CM"]
[BlackTitle "WGM"]
[WhiteElo "2141"]
[BlackElo "2413"]
[WhiteFideId "1156047"]
[BlackFideId "54180058"]
[EventDate "2025.06.10"]

1. e4 c5 2. Nf3 d6 3. d4 cxd4 4. Nxd4 Nf6 5. Nc3 g6 6. Be3 Nc6 7. f3 h5 8. Bc4
Bd7 9. Bb3 Bg7 10. Qd2 Na5 11. h4 Rc8 12. O-O-O Nc4 13. Bxc4 Rxc4 14. Kb1 Qc8
15. Bg5 Nxe4 16. Nxe4 Rxd4 17. Qe3 Rxd1+ 18. Rxd1 Be6 19. Qxa7 f5 20. Nf2 Qc4
21. Nd3 Bd4 22. Qxb7 Qxa2+ 23. Kc1 O-O 24. Qxe7 Bf7 25. Qxd6 Bxb2+ 26. Nxb2 Qa1+
27. Kd2 Qxb2 28. Bf6 Qb5 29. Bc3 Re8 30. Qd4 Re2+ 31. Kc1 Kf8 32. Qg7+ Ke8 33.
Qh8+ Ke7 34. Qd8+ Ke6 35. Qd6# 1-0

[Event "Titled Tue 10th Jun Early"]
[Site "chess.com INT"]
[Date "2025.06.10"]
[Round "5"]
[White "Beniosev, Daniel"]
[Black "Gbiorczyk, Mikolaj"]
[Result "1-0"]
[WhiteTitle "CM"]
[BlackTitle "CM"]
[WhiteElo "1959"]
[BlackElo "2191"]
[WhiteFideId "11632674"]
[BlackFideId "21080763"]
[EventDate "2025.06.10"]

1. e4 d5 2. exd5 Qxd5 3. Nc3 Qa5 4. Bc4 Nf6 5. d3 Bg4 6. Ne2 Nc6 7. O-O e6 8.
Bd2 Bb4 9. a3 Bxc3 10. Bxc3 Qb6 11. h3 Bh5 12. Qe1 O-O-O 13. b4 Nd5 14. Bxd5
Rxd5 15. Nf4 Rf5 16. Qe4 Bg6 17. Nxg6 hxg6 18. Bxg7 Rh7 19. Bb2 Ne7 20. c4 Qd6
21. f4 Rfh5 22. Rae1 Nf5 23. Rf3 Rh4 24. c5 Qd7 25. Bf6 R4h6 26. d4 Nh4 27. Rd3
c6 28. Bg5 Rh5 29. g4 Rxg5 30. fxg5 Rh8 31. Qe5 Rd8 32. Qg3 Rh8 33. Rf1 Qd5 34.
Rxf7 Kd8 35. Qc7+ Ke8 36. Qe7# 1-0

[Event "Titled Tue 10th Jun Early"]
[Site "chess.com INT"]
[Date "2025.06.10"]
[Round "5"]
[White "Novozhilov, Semen"]
[Black "Sek, Konstantin"]
[Result "0-1"]
[WhiteTitle "FM"]
[BlackTitle "IM"]
[WhiteElo "2352"]
[BlackElo "2368"]
[WhiteFideId "24289167"]
[BlackFideId "24104302"]
[EventDate "2025.06.10"]

1. d4 Nf6 2. c4 c5 3. d5 e6 4. Nc3 exd5 5. cxd5 d6 6. e4 g6 7. f4 Bg7 8. Bb5+
Nfd7 9. a4 Na6 10. Nf3 Nb4 11. O-O a6 12. Be2 O-O 13. Re1 Nf6 14. Nd2 Re8 15. h3
b6 16. g4 Rb8 17. Kh2 b5 18. axb5 axb5 19. g5 Nh5 20. Bxh5 gxh5 21. Nf1 h4 22.
Ne3 c4 23. Rg1 Nd3 24. Ng4 Bxg4 25. Qxg4 b4 26. Nd1 Rxe4 27. Rg2 Qe7 28. Nf2
Nxf2 29. Rxf2 c3 30. bxc3 Bxc3 31. Bb2 Re8 32. Bxc3 bxc3 33. Qxh4 Rd4 34. Rc1
Qe3 35. Rcc2 Rd2 36. Qg3 Rxc2 37. Qxe3 Rxe3 38. Rxc2 Rd3 39. Kg2 Rd2+ 0-1

[Event "Titled Tue 10th Jun Early"]
[Site "chess.com INT"]
[Date "2025.06.10"]
[Round "5"]
[White "Milare, Tyron"]
[Black "Lyakh, Vasiliy"]
[Result "0-1"]
[WhiteTitle "FM"]
[WhiteElo "2248"]
[BlackElo "2123"]
[WhiteFideId "12987018"]
[BlackFideId "14189828"]
[EventDate "2025.06.10"]

1. d4 Nf6 2. Nf3 d5 3. Bf4 c5 4. e3 Nc6 5. c3 Qb6 6. Qb3 c4 7. Qc2 Bf5 8. Qc1 e6
9. Nbd2 Qd8 10. Nh4 Bg4 11. h3 Bh5 12. g4 Bg6 13. Nxg6 hxg6 14. Bg2 Bd6 15. Bxd6
Qxd6 16. e4 Qf4 17. e5 Nd7 18. b3 cxb3 19. axb3 Rc8 20. Qd1 a6 21. Qf3 Qg5 22.
Qe3 Qe7 23. O-O O-O 24. c4 Nb4 25. cxd5 Nc2 26. Qd3 Nxa1 27. d6 Qd8 28. Bxb7 Rb8
29. Bxa6 Qa5 30. Bc4 Nb6 31. Rc1 Rfc8 32. Re1 Nxc4 33. bxc4 Nb3 34. Nxb3 Qxe1+
35. Kg2 Qb4 36. d7 Qb7+ 37. d5 Qxd7 0-1

[Event "Titled Tue 10th Jun Early"]
[Site "chess.com INT"]
[Date "2025.06.10"]
[Round "5"]
[White "Izafatava, Kira"]
[Black "Jiganchine, Roman"]
[Result "1-0"]
[BlackTitle "CM"]
[WhiteElo "2036"]
[BlackElo "2205"]
[WhiteFideId "13521705"]
[BlackFideId "2603667"]
[EventDate "2025.06.10"]

1. e4 e5 2. Nf3 Nc6 3. d4 exd4 4. Nxd4 Bc5 5. Be3 Qf6 6. c3 Qg6 7. Qf3 Nge7 8.
Nd2 Bxd4 9. Bxd4 O-O 10. Bd3 Nxd4 11. cxd4 d5 12. e5 Bf5 13. Bxf5 Nxf5 14. Nb3
a5 15. a4 Ra6 16. O-O Rb6 17. Qxd5 c6 18. Qc4 Rb4 19. Qc3 Nh4 20. g3 Qe6 21.
gxh4 Rxb3 22. Qd2 Qg4+ 23. Kh1 Rd8 24. Rad1 h6 25. Rg1 Qe4+ 26. Rg2 c5 27. d5
Qxe5 28. d6 Rxb2 29. Qxh6 Re2 30. Rdg1 g6 31. Rxg6+ fxg6 32. Rxg6+ Kf7 33. Qh7+
Ke8 34. Rg8# 1-0

[Event "Titled Tue 10th Jun Early"]
[Site "chess.com INT"]
[Date "2025.06.10"]
[Round "5"]
[White "Dwilewicz, Katarzyna"]
[Black "Huseynova, Lala"]
[Result "0-1"]
[WhiteTitle "WFM"]
[BlackTitle "WFM"]
[WhiteElo "2198"]
[BlackElo "2045"]
[WhiteFideId "1148486"]
[BlackFideId "13431781"]
[EventDate "2025.06.10"]

1. e4 c5 2. Nc3 d6 3. d4 cxd4 4. Qxd4 Nc6 5. Qd2 g6 6. b3 Bg7 7. Bb2 Nf6 8.
O-O-O O-O 9. f3 a6 10. g4 b5 11. h4 b4 12. Nd5 Nxd5 13. exd5 Ne5 14. h5 a5 15.
hxg6 fxg6 16. Qh2 h6 17. Bd3 a4 18. Bxg6 axb3 19. axb3 Qc7 20. g5 Bf5 21. Bxf5
Rxf5 22. gxh6 Bf6 23. h7+ Kh8 24. Ne2 Nxf3 25. Qg3 Bxb2+ 26. Kxb2 Rc8 27. Rc1
Ne5 28. Nd4 Rf6 29. Rcg1 Qc3+ 30. Qxc3 bxc3+ 31. Kb1 Rcf8 32. Ne6 Ra8 33. Rg3
Nf3 34. Rhh3 Nd2+ 35. Kc1 Ra1# 0-1

[Event "Titled Tue 10th Jun Early"]
[Site "chess.com INT"]
[Date "2025.06.10"]
[Round "5"]
[White "Vedant, Nitin Vekhande"]
[Black "Mompel Ferruz, Xavier"]
[Result "0-1"]
[WhiteTitle "CM"]
[BlackTitle "FM"]
[WhiteElo "2167"]
[BlackElo "2342"]
[WhiteFideId "45073449"]
[BlackFideId "54585775"]
[EventDate "2025.06.10"]

1. e4 c5 2. Nf3 d6 3. d4 cxd4 4. Nxd4 Nf6 5. Nc3 a6 6. Be2 e5 7. Nb3 Be7 8. O-O
O-O 9. Kh1 Nc6 10. f4 exf4 11. Bxf4 Be6 12. Bf3 Rc8 13. Nd4 Ne5 14. Nd5 Re8 15.
c3 b5 16. Nxe6 fxe6 17. Bxe5 dxe5 18. Nxf6+ Bxf6 19. Qxd8 Rexd8 20. Rad1 Kf7 21.
Kg1 Ke7 22. Kf2 Bg5 23. Ke2 a5 24. Bh5 g6 25. Bg4 h5 26. Bf3 Rxd1 27. Kxd1 Rd8+
28. Ke1 Rd2 29. Rf2 Rd8 30. Rc2 Be3 31. Be2 Rb8 32. c4 bxc4 33. Bxc4 Bd4 34. b3
h4 35. Be2 Kd6 36. Bc4 Rf8 37. Bb5 Rf4 38. Rc6+ Ke7 39. Rc7+ Kd8 40. Rd7+ Kc8
41. Rg7 Rxe4+ 42. Kd2 Rg4 43. Kd3 Rxg2 44. h3 Rg3+ 45. Kc4 Rc3# 0-1

[Event "Titled Tue 10th Jun Early"]
[Site "chess.com INT"]
[Date "2025.06.10"]
[Round "5"]
[White "Fomevor, Cephas Clinton"]
[Black "Bruhovich, Olexandr"]
[Result "0-1"]
[WhiteTitle "CM"]
[BlackTitle "CM"]
[WhiteElo "1883"]
[BlackElo "2208"]
[WhiteFideId "12601330"]
[BlackFideId "14119919"]
[EventDate "2025.06.10"]

1. d4 Nf6 2. c4 d6 3. Nf3 Nbd7 4. Nc3 g6 5. g3 Bg7 6. Bg2 O-O 7. O-O Re8 8. b3
e5 9. e3 c6 10. Bb2 Qc7 11. Rc1 Nf8 12. Re1 Bg4 13. h3 Bxf3 14. Bxf3 exd4 15.
exd4 Rxe1+ 16. Qxe1 Re8 17. Qd2 h5 18. h4 Kh7 19. Ne2 Bh6 20. Nf4 Ne6 21. Nxe6
Rxe6 22. Qd1 Bxc1 23. Bxc1 Qe7 24. Kg2 Re1 25. Qc2 Ng4 26. Bg5 Qe8 27. d5 c5 28.
b4 Qe5 29. bxc5 Qa1 30. Be4 Rg1+ 31. Kf3 Qd4 32. cxd6 Nh2+ 33. Kf4 f6 34. Bxf6
Qxf6+ 35. Ke3 Ng4+ 36. Kd3 Nxf2+ 0-1